Highest English Proficiency Index (EPI) - South America - Statistics

General Stats
  • This quiz has been taken 67 times
  • The average score is 8 of 10
Answer Stats
Score Country % Correct
1. 566 Argentina
98%
2. 523 Chile
96%
3. 517 Paraguay
87%
4. 504 Bolivia
81%
6. 490 Brazil
81%
5. 494 Uruguay
79%
7. 482 Peru
77%
8. 471 Venezuela
75%
9. 448 Colombia
73%
10. 411 Ecuador
73%
No matching quizzes found
Score Distribution
Percent of People with Each Score
Percentile by Number Answered
Your Score History
You have not taken this quiz